| 000 | 00545nam a22001457a 4500 | ||
|---|---|---|---|
| 082 | _a200 | ||
| 100 |
_aMUHAMMAD TASLEEM _970307 |
||
| 245 | _aCorporate Sustainability Performance in the perspective of TQM, Technology Management and QEHS Management System Standards/ | ||
| 260 |
_aRawalpindi _bNUST College of EME _c2017 |
||
| 300 |
_a403,p; _bill; _c30,cm. |
||
| 650 |
_aPhD- Mechanical Engineering _984150 |
||
| 700 |
_aSupervisor: Dr. NAWAR KHAN _969390 |
||
| 856 | _uhttp://10.250.8.41:8080/xmlui/handle/123456789/21844 | ||
| 942 |
_cSC _2ddc |
||
| 999 |
_c577292 _d577292 |
||